01337cam a22003737a 4500003000500000005001700005008004100022010001000063011001000073020001500083035001000098040000900108082001400117100002300131245012300154260004000277300001100317590004100328590004100369590004100410590004100451590004200492650003500534650002500569650003500594700002800629700003000657901000700687905002600694942001000720949008200730999001700812952013400829CHAP20220329142617.0010926d2000 mx r 00110 spa d a85631 a86603 a8480884061 a97142 cCHAP04a657.4bA500aAmat, Oriol.9516510aEjercicios y casos resueltos de contabilidad y gestión de costesc/por Oriol Amat, Pilar Soldevila y Santiago Aguila aBarcelona :bGestión 2000,c2000. a173 p. aBATCH-UPDb10c20130110lUCH01h0451 aBATCH-UPDb10c20130110lUCH01h2333 aBATCH-UPDb10c20130410lUCH01h0128 aBATCH-UPDb10c20130913lUCH01h2315 aCONVERSIONb10c20130109lUCH01h134814aContabilidad de costos.92742514aContabilidad.92742114aCostos de producción.92851400aAguila, Santiago.9263400aSoldevila, Pilar.9108391 aBK aAlejandra Carrasco M. cLIBRO a657.4 A5bBCcLIBROd33724000863635eLIBROh102456i97142kI.c/esit$ 183.00 c85631d85631 00102ddc4052708GRALaBCbBCcPP_GRALd2019-12-31fLIBROl0o657.4 A5p33724000863635r2019-12-31 00:00:00w2019-12-31yLIBRO